Catálogo
 En Linea

Ciencia e Investigación en la sociedad actual / (Registro nro. 42473)

Detalles MARC
000 -CABECERA
campo de control de longitud fija 00717nam a2200205 a 4500
001 - NÚMERO DE CONTROL
campo de control 000042984
005 - FECHA Y HORA DE LA ÚLTIMA TRANSACCIÓN
campo de control 20201002040541.0
008 - DATOS DE LONGITUD FIJA--INFORMACIÓN GENERAL
campo de control de longitud fija 140214s2010 sp 000 0 spa d
020 ## - NÚMERO INTERNACIONAL ESTÁNDAR DEL LIBRO
Número Internacional Estándar del Libro 9788482602417
040 ## - FUENTE DE LA CATALOGACIÓN
Centro catalogador/agencia de origen DO-SdBNP
Lengua de catalogación spa
Centro/agencia transcriptor BNPHU
082 ## - NÚMERO DE LA CLASIFICACIÓN DECIMAL DEWEY
Número de clasificación xxxxxxx
Número de documento/Ítem xxxxxx
245 00 - MENCIÓN DE TÍTULO
Título Ciencia e Investigación en la sociedad actual /
Mención de responsabilidad, etc. coordinadores Fafián Maceiras, Luis Méndez Francisco.
260 ## - PUBLICACIÓN, DISTRIBUCIÓN, ETC.
Lugar de publicación, distribución, etc. Salamanca, :
Nombre del editor, distribuidor, etc. San esteban,
Fecha de publicación, distribución, etc. 2010.
300 ## - DESCRIPCIÓN FÍSICA
Extensión 305 p. ;
Dimensiones 21 cm.
490 1# - MENCIÓN DE SERIE
Mención de serie Aletheia
Designación de volumen o secuencia 50
504 ## - NOTA DE BIBLIOGRAFÍA, ETC.
Nota de bibliografía, etc. Incluye referencias bibligoráficas y notas al pie de las páginas
700 1# - PUNTO DE ACCESO ADICIONAL--NOMBRE DE PERSONA
Nombre de persona Maceiras, Fafián,
Término indicativo de función/relación coord.
9 (RLIN) 70486
700 1# - PUNTO DE ACCESO ADICIONAL--NOMBRE DE PERSONA
Nombre de persona Méndez Francisco, Luis,
Término indicativo de función/relación coord.
9 (RLIN) 70487
830 #0 - PUNTO DE ACCESO ADICIONAL DE SERIE-TÍTULO UNIFORME
Título uniforme Aletheia
Número de parte o sección de la obra 50
9 (RLIN) 70488
Existencias
Estado de retiro Estado de pérdida Restricciones de uso No para préstamo Código de colección Localización permanente Ubicación/localización actual Ubicación en estantería Fecha de adquisición Número de inventario Total de préstamos Signatura topográfica completa Código de barras Fecha visto por última vez Precio válido a partir de Tipo de ítem Koha Número de copia
      Excluido de préstamo Monografías: Libros y Folletos General General Depósito 14.02.2014 LF1   xxxxxxx xxxxxx 42984-10 25.06.2020 25.06.2020 No se presta  
      Excluido de préstamo Monografías: Libros y Folletos General General Depósito 20.02.2014 LF1   xxxxxxx xxxxxx 42984-20 25.06.2020 25.06.2020 No se presta e. 2

Con tecnología Koha